Sesso e gioventu : problemi sociali di educazione ed istruzione sessuale /

Guardat en:
Dades bibliogràfiques
Autors principals: Coletti, Velia (Autor), Morandi, Aldo (Autor)
Format: Llibre
Idioma:italià
Publicat: Pisa : Giardini, [1969]
Col·lecció:Il Polifemo ; 2
Matèries:
Etiquetes: Afegir etiqueta
Sense etiquetes, Sigues el primer a etiquetar aquest registre!

MARC

LEADER 00000nam a22000007i 4500
001 IT\ICCU\SBL\0081142
003 ItRI
005 20260115232356.0
008 910930s1969 it |||||| ||||| |||||c
015 |2 IT  |a 694407 
040 |b ita  |c importazione bologna sebina 
041 7 |a ita  |2 ISO-639-2 
082 |a 301.41  |9 ORGANIZZAZIONE SOCIALE - ISTITUTI SOCIALI  |2 16 
082 |a 301.41  |9 SESSO  |2 17 
100 1 |a Coletti, Velia  |0 IT\ICCU\SBLV\052925  |4 aut 
245 1 0 |a Sesso e gioventu :  |b problemi sociali di educazione ed istruzione sessuale /  |c di velia Coletti, Aldo Morandi. 
260 |a Pisa :  |b Giardini,  |c [1969] 
300 |a 112 p. ;  |c 16 cm . 
650 7 |a Educazione sessuale 
700 1 |a Morandi, Aldo  |0 IT\ICCU\SBLV\052926  |4 aut 
830 3 |a Il Polifemo ;  |v 2  |0 IT\ICCU\SBL\0085284 
942 |2 ddc  |c BK  |n 0 
952 |0 0  |1 0  |4 0  |6 DOC_301_470000000000000_COL  |7 0  |9 25047  |a BO  |b BO  |d 2026-01-15  |i 696  |l 0  |o DOC 301.47 COL  |p BO696  |r 2026-01-15 23:23:56  |w 2026-01-15  |x [Sebina 7] [1 v.]  |y BK  |z 1 v. 
999 |c 21286  |d 21286